| 000 | 00434cam a2200181ua 4500 | ||
|---|---|---|---|
| 020 | _c7.50 | ||
| 041 |
_ahin _h |
||
| 082 |
_a891.54 _bPRE/HI |
||
| 100 | _aPrem Narayan, Tandon . | ||
| 245 |
_aHindi sevi sansar / _cPrem Narayan Tandon. _hTextual Documents |
||
| 250 |
_a2 / _b. |
||
| 260 |
_aLucknow : _bVidya Mandir , _c1951. |
||
| 300 | _a646 ; . | ||
| 365 | _a7.50 | ||
| 504 | _a | ||
| 942 | _cBK | ||
| 999 |
_c7988 _d7988 |
||